000
00300nam a2200133Ia 4500
100
_a
Subramanyam/M.V
650
_a
Logic Design
942
_c
BK
654
_a
logic design
245
_a
Switching theory and logic design
260
_b
Laxmi publications
_a
Mumbai
546
_a
ENGLISH
999
_c
28570
_d
28570